[Event "POL-ch Blitz U18"]
[Site "Bydgoszcz"]
[Date "2023.08.31"]
[Round "3"]
[White "Branecki, Maciej"]
[Black "Tryburski, Szymon"]
[Result "0-1"]
[WhiteElo "1291"]
[BlackElo "1078"]
[PlyCount "158"]
[EventDate "2023.08.28"]
[EventType "swiss"]
[EventRounds "10"]
[EventCountry "POL"]
[SourceTitle "EXT 2024"]
[Source "ChessBase"]
[SourceDate "2023.10.10"]
[SourceVersion "1"]
[SourceVersionDate "2023.10.10"]
[SourceQuality "1"]

1. e4 c5 2. Nf3 e6 3. Bd3 a6 4. c4 Nc6 5. Bc2 d5 6. cxd5 exd5 7. exd5 Qxd5 8. Nc3 Qe6+ 9. Qe2 Qxe2+ 10. Nxe2 Nf6 11. 0-0 Be7 12. Nc3 0-0 13. h3 Re8 14. Re1 b6 15. d3 Bb7 16. Be3 Bd6 17. Bg5 Nd7 18. Rxe8+ Rxe8 19. Be3 Nb4 20. Bb1 Ne5 21. Nxe5 Bxe5 22. a3 Nc6 23. Bc2 Rd8 24. Re1 h6 25. Ne4 Nd4 26. Bxd4 Bxd4 27. b3 a5 28. Ng3 Bc3 29. Re7 Bd5 30. Re2 Bb2 31. a4 Ba3 32. Rd2 Bb4 33. Rd1 Be6 34. Ne4 f5 35. Ng3 Kf7 36. f4 Ke7 37. Nh5 g6 38. Ng3 Kd6 39. d4 Kc6 40. dxc5 Rxd1+ 41. Bxd1 Kxc5 42. Kf2 Kd4 43. Ke2 Kc3 44. Nf1 Bxb3 45. Bxb3 Kxb3 46. Ne3 Kxa4 47. g4 fxg4 48. hxg4 Kb3 49. f5 gxf5 50. gxf5 Bf8 51. f6 a4 52. f7 a3 53. Kd2 a2 54. Nc2 Kb2 55. Kd3 a1Q 56. Nxa1 Kxa1 57. Kc4 h5 58. Kb5 h4 59. Kxb6 h3 60. Kc7 Ba3 61. Kc6 h2 62. f8B Bxf8 63. Kd5 h1Q+ 64. Ke5 Kb2 65. Kd4 Kb3 66. Ke5 Qd1 67. Ke4 Kc4 68. Ke5 Qd5+ 69. Kf6 Qe4 70. Kf7 Kc5 71. Kxf8 Kc6 72. Kf7 Kd6 73. Kf8 Kd7 74. Kf7 Qf4+ 75. Kg7 Ke6 76. Kg8 Ke7 77. Kg7 Qg4+ 78. Kh8 Kf7 79. Kh7 Qh4# 0-1

[Event "POL-ch Rapid U18"]
[Site "Bydgoszcz"]
[Date "2023.08.30"]
[Round "11"]
[White "Fuks, Milan"]
[Black "Tryburski, Szymon"]
[Result "1-0"]
[WhiteElo "1129"]
[BlackElo "1078"]
[PlyCount "111"]
[EventDate "2023.08.28"]
[EventType "swiss"]
[EventRounds "11"]
[EventCountry "POL"]
[SourceTitle "EXT 2024"]
[Source "ChessBase"]
[SourceDate "2023.10.10"]
[SourceVersion "1"]
[SourceVersionDate "2023.10.10"]
[SourceQuality "1"]

1. e4 c5 2. Nf3 e6 3. d4 cxd4 4. Nxd4 a6 5. Be2 Qc7 6. 0-0 b5 7. Be3 Bb7 8. Bf3 Nf6 9. Nd2 Nc6 10. N2b3 Bd6 11. h3 Nxd4 12. Qxd4 Be5 13. Qd3 Bxb2 14. Rad1 Be5 15. Nc5 Rc8 16. Rd2 d6 17. Nxb7 Qxb7 18. Bd4 Bxd4 19. Qxd4 Qd7 20. e5 dxe5 21. Qxd7+ Nxd7 22. Rfd1 Rd8 23. Rxd7 Rxd7 24. Bc6 Ke7 25. Rxd7+ Kf6 26. Bb7 a5 27. Kf1 b4 28. Ke2 a4 29. Kd3 a3 30. Kc4 Kf5 31. Kxb4 Rf8 32. Kxa3 f6 33. c4 h5 34. c5 g6 35. c6 Rb8 36. c7 Rxb7 37. c8Q Rxd7 38. Qxd7 g5 39. Qd3+ e4 40. Qb5+ e5 41. Kb3 Kf4 42. a4 Kf5 43. g3 g4 44. h4 Kg6 45. Qe8+ Kf5 46. Qxh5+ Ke6 47. Qxg4+ Ke7 48. Qxe4 Kf7 49. a5 Ke7 50. a6 Kf7 51. a7 Ke7 52. a8Q Kf7 53. Qab7+ Ke6 54. Qbc6+ Ke7 55. Qh7+ Kd8 56. Qa8# 1-0

[Event "POL-ch Rapid U18"]
[Site "Bydgoszcz"]
[Date "2023.08.30"]
[Round "10"]
[White "Tryburski, Szymon"]
[Black "Trzopek, Fabian"]
[Result "1-0"]
[WhiteElo "1078"]
[BlackElo "1191"]
[PlyCount "101"]
[EventDate "2023.08.28"]
[EventType "swiss"]
[EventRounds "11"]
[EventCountry "POL"]
[SourceTitle "EXT 2024"]
[Source "ChessBase"]
[SourceDate "2023.10.10"]
[SourceVersion "1"]
[SourceVersionDate "2023.10.10"]
[SourceQuality "1"]

1. d4 e6 2. c4 b6 3. Nc3 Bb7 4. e4 Bb4 5. Bd3 Nf6 6. Bg5 h6 7. Bxf6 gxf6 8. a3 Be7 9. Nf3 c5 10. d5 exd5 11. cxd5 d6 12. 0-0 Nd7 13. Bb5 a6 14. Bxd7+ Qxd7 15. Re1 0-0-0 16. Rc1 Rdg8 17. Na4 Bd8 18. Qb3 b5 19. Nc3 Qg4 20. g3 Qxf3 21. Re3 Qh5 22. a4 b4 23. Ne2 a5 24. Nd4 Kb8 25. Nb5 Qe5 26. Qc2 Ba6 27. Rf3 Qe7 28. b3 Qd7 29. Qe2 h5 30. Kh1 h4 31. Re1 hxg3 32. fxg3 Bxb5 33. axb5 Kb7 34. Qc4 Kb6 35. Qd3 Qxb5 36. Qc2 Be7 37. Rd1 Rh6 38. e5 fxe5 39. Rxf7 Qe8 40. Rdf1 Rf8 41. Rxf8 Bxf8 42. Qf2 Be7 43. Qe3 Qg6 44. Qc1 Bg5 45. Qa1 e4 46. Qa4 Rh7 47. Qc6+ Ka7 48. Qb5 Bd8 49. Rf8 Rb7 50. Qa4 Bg5 51. Qxa5# 1-0